书目信息 |
| 题名: |
保险法案例教程
|
|
| 作者: | 史卫进 , 孙洪涛 编著 | |
| 分册: | ||
| 出版信息: | 北京 北京大学出版社 2004 |
|
| 页数: | 206页 | |
| 开本: | 23cm | |
| 丛书名: | ||
| 单 册: | ||
| 中图分类: | D922.284.5 | |
| 科图分类: | ||
| 主题词: | 保险法--案例--中国--高等学校--教材 , 保险法 , 案例 | |
| 电子资源: | ||
| ISBN: | 7-301-07888-9 | |
| 000 | 00980nam0 2200277 450 | |
| 001 | 012007911492 | |
| 005 | 20070523084252.60 | |
| 010 | @a7-301-07888-9@dCNY19.00 | |
| 100 | @a20070516d2004 km y0chiy0120 ea | |
| 101 | 0 | @achi |
| 102 | @aCN@b110000 | |
| 105 | @ay z 000yy | |
| 106 | @ar | |
| 200 | 1 | @a保险法案例教程@Abao xian fa an li jiao cheng@f史卫进,孙洪涛编著@Fshi wei jin,sun hong tao bian zhu |
| 210 | @a北京@c北京大学出版社@d2004 | |
| 215 | @a206页@d23cm | |
| 300 | @a21世纪法学系列教材教学案例 | |
| 330 | @a本书紧密结合我国现行法律体系中有关保险法的规定,以案情简介-思考方向-法律规定-学理分析-自测案例的方式,详细阐释了保险合同的基本理论、财产保险合同、人身保险合同以及保险代理合同。 | |
| 606 | 0 | @a保险法@x案例@y中国@x高等学校@j教材 |
| 606 | 0 | @a保险法 |
| 606 | 0 | @a案例 |
| 690 | @aD922.284.5@v4 | |
| 701 | 0 | @a史卫进@Ashi wei jin@4编著 |
| 701 | 0 | @a孙洪涛@Asun hong tao@c(法律)@4编著 |
| 801 | 0 | @aCN@bRULIN@c20070523 |
| 905 | @dD922.284.5@e627@s8 | |
| 保险法案例教程/史卫进,孙洪涛编著.-北京:北京大学出版社,2004 |
| 206页;23cm |
| 21世纪法学系列教材教学案例 |
| ISBN 7-301-07888-9:CNY19.00 |
| 本书紧密结合我国现行法律体系中有关保险法的规定,以案情简介-思考方向-法律规定-学理分析-自测案例的方式,详细阐释了保险合同的基本理论、财产保险合同、人身保险合同以及保险代理合同。 |
| ● |
| 相关链接 |
|
|
|
|
正题名:保险法案例教程
索取号:D922.284.5/627
 
预约/预借
| 序号 | 登录号 | 条形码 | 馆藏地/架位号 | 状态 | 备注 |
| 1 | 0576404 | 205764047 | 第一样本阅览室/ [索取号:D922.284.5/627] | 在馆 | |
| 2 | 0576405 | 205764056 | 密集书库/ [索取号:D922.284.5/627] | 在馆 | |
| 3 | 0576406 | 205764065 | 密集书库/ [索取号:D922.284.5/627] | 在馆 | |
| 4 | 0576407 | 205764074 | 密集书库/ [索取号:D922.284.5/627] | 在馆 | |
| 5 | 0576408 | 205764083 | 第一借阅区/ [索取号:D922.284.5/627] | 在馆 | |
| 6 | 0576409 | 205764092 | 第一借阅区/ [索取号:D922.284.5/627] | 在馆 | |
| 7 | 0576410 | 205764109 | 第一借阅区/ [索取号:D922.284.5/627] | 在馆 | |
| 8 | 0576411 | 205764118 | 第一借阅区/ [索取号:D922.284.5/627] | 在馆 |